000 00575nam a2200229Ia 4500
003 OSt
005 20221005124505.0
006 a|||||r|||| 00| 0
007 ta
008 221004b |||||||| |||| 00| 0 tam d
024 _a47876
037 _cTextual
040 _aCRL
_cCRL
_btam
041 _2tam
_atam
082 _aO31,1A:g(S:55)xN12, J9
100 _aVaradarajan Au.
245 0 _aNadaivandi
260 _c1959
650 _aTAMIL POETRY
942 _hO31,1A:g(S:55)xN12, J9
_cTEXL
_2cc
999 _c1050655
_d1050655